=LDR 00000nam 2200000 4500 =001 INLIS000000000010073 =005 20130612101814 =008 ***********************************Ind** =035 ##$$0010-061300000010073 =041 ##$$a Ind =082 ##$$a 398.2 =090 ##$$a 392.2, Sri a =100 ##$$a Sri hartatik, Atik =245 ##$$a Album cerita dunia, Atik Hartatik =260 ##$$a 2000 $b Surabaya =300 ##$$a 219 hlm, ilus, 21 cm =650 ##$$a Dongeng =850 ##$$a NBPNMAT